[Event "BL 1112 OSG Baden Baden - SV Wattensche"]
[Site "?"]
[Date "2011.12.10"]
[Round "6.5"]
[White "Appel, Ralf"]
[Black "Nisipeanu, Liviu-Dieter"]
[Result "1/2-1/2"]
[WhiteElo "2529"]
[BlackElo "2638"]
[PlyCount "82"]
[EventDate "2011.??.??"]

1. Nf3 Nf6 2. d4 e6 3. Bf4 b6 4. e3 Bb7 5. Bd3 h6 6. O-O d6 7. Nc3 g6 8. e4 Bg7
9. Re1 O-O 10. e5 Nd5 11. Nxd5 Bxd5 12. Qe2 Nc6 13. c3 dxe5 14. dxe5 Qe7 15. h3
Rad8 16. Nh2 Nb8 17. Ng4 h5 18. Nh2 Nd7 19. Nf3 Bxf3 20. Qxf3 Qc5 21. Qg3 Nxe5
22. Bxe5 h4 23. Qxh4 Bxe5 24. Rad1 Kg7 25. Qc4 Qxc4 26. Bxc4 Rd6 27. Rd3 Rxd3
28. Bxd3 Bd6 29. h4 e5 30. g3 f5 31. Kg2 Kf6 32. Bc2 b5 33. Rd1 Rb8 34. Rd5 Ke6
35. Bb3 Ke7 36. Bc2 Ke6 37. Bb3 Ke7 38. Bc2 c6 39. Rd1 Rh8 40. f3 a5 41. Kh3
Bc5 1/2-1/2

[Event "BL 1112 OSG Baden Baden - SV Wattensche"]
[Site "?"]
[Date "2011.12.10"]
[Round "6.6"]
[White "Gustafsson, Jan"]
[Black "Handke, Florian"]
[Result "1-0"]
[WhiteElo "2631"]
[BlackElo "2518"]
[PlyCount "91"]
[EventDate "2011.??.??"]

1. d4 d5 2. c4 c6 3. Nc3 Nf6 4. e3 a6 5. Nf3 Bf5 6. Qb3 Ra7 7. Bd2 e6 8. Nh4
Be4 9. cxd5 cxd5 10. f3 Bg6 11. Nxg6 hxg6 12. Bd3 Nc6 13. Ne2 Be7 14. Rc1 O-O
15. O-O Qd7 16. a4 Raa8 17. Bc3 Rfc8 18. Rcd1 Qc7 19. e4 b5 20. axb5 axb5 21.
e5 Nd7 22. Rc1 b4 23. Be1 Qb6 24. Bf2 Nf8 25. f4 Na5 26. Rxc8 Rxc8 27. Qa4 Nc4
28. b3 Nd2 29. Ra1 Ne4 30. Qa7 Qd8 31. Bxe4 Rc7 32. Qa5 dxe4 33. d5 Rc2 34.
Qxd8 Bxd8 35. Nd4 Rxf2 36. Kxf2 Bb6 37. Ke3 exd5 38. Ra8 Bc5 39. Rc8 Be7 40.
Re8 Bc5 41. Rc8 Be7 42. Rc7 Bd8 43. Rb7 g5 44. f5 g4 45. Kf4 Kh7 46. Nc6 1-0

[Event "BL 1112 OSG Baden Baden - SV Wattensche"]
[Site "?"]
[Date "2011.12.10"]
[Round "6.7"]
[White "Hirneise, Tobias"]
[Black "Dautov, Rustem"]
[Result "0-1"]
[WhiteElo "2446"]
[BlackElo "2603"]
[PlyCount "166"]
[EventDate "2011.??.??"]

1. d4 d5 2. c4 c6 3. Nf3 Nf6 4. Nc3 a6 5. a4 e6 6. Bg5 Nbd7 7. e3 Bb4 8. cxd5
exd5 9. Bd3 O-O 10. O-O Re8 11. Qc2 h6 12. Bh4 a5 13. Rad1 Be7 14. Rfe1 Nf8 15.
Ne5 Ng4 16. Bxe7 Rxe7 17. Nxg4 Bxg4 18. f3 Bh5 19. Qf2 Rd7 20. e4 dxe4 21. Bxe4
Bg6 22. d5 Bxe4 23. fxe4 Rc8 24. Rd2 Ng6 25. Red1 Qg5 26. dxc6 Rxd2 27. Qxd2
bxc6 28. Qxg5 hxg5 29. Rc1 Rb8 30. Nd1 Rb4 31. Rxc6 Rxa4 32. Nc3 Ra1+ 33. Kf2
Ne5 34. Rc8+ Kh7 35. Kg3 Nd3 36. Rb8 Rc1 37. Rb5 Rc2 38. Rxa5 Ne1 39. Rxg5
Rxg2+ 40. Kf4 Nd3+ 41. Kf5 Rxh2 42. Kg4 Rg2+ 43. Kh4 Rxb2 44. Rh5+ Kg8 45. Rd5
Nf4 46. Rd8+ Kh7 47. Kg4 Ng6 48. Nd5 Rf2 49. Kg3 Rf1 50. Re8 f6 51. Kg2 Rd1 52.
Kg3 Ne5 53. Rf8 Rd3+ 54. Kg2 Ng4 55. Rc8 Ra3 56. Rc3 Ra2+ 57. Kg3 Ne5 58. Kf4
Rf2+ 59. Kg3 Rf1 60. Kg2 Ra1 61. Rh3+ Kg6 62. Nf4+ Kf7 63. Rc3 Ra7 64. Nd3 Ng6
65. Kg3 Re7 66. Rc4 Rd7 67. Rc3 Re7 68. Kf3 Nh4+ 69. Ke3 g5 70. Rc5 Kg6 71. Kd4
Nf3+ 72. Ke3 Nh2 73. Rb5 Kh5 74. Nf4+ Kg4 75. Nd5 Re6 76. Kd4 Nf3+ 77. Kd3 Kg3
78. Rb8 Ne5+ 79. Ke3 Nc4+ 80. Kd4 Nd2 81. Rf8 Nxe4 82. Nc7 Rc6 83. Kxe4 Rxc7
0-1

[Event "BL 1112 OSG Baden Baden - SV Wattensche"]
[Site "?"]
[Date "2011.12.10"]
[Round "6.8"]
[White "Schlosser, Philipp"]
[Black "Dinstuhl, Volkmar Dr"]
[Result "1-0"]
[WhiteElo "2591"]
[BlackElo "2408"]
[PlyCount "75"]
[EventDate "2011.??.??"]

1. Nf3 c5 2. c4 g6 3. d4 Bg7 4. e4 Qa5+ 5. Bd2 Qb6 6. Bc3 Nf6 7. d5 d6 8. Bd3
Bg4 9. Qa4+ Bd7 10. Qc2 O-O 11. O-O e5 12. dxe6 Bxe6 13. b3 Nc6 14. Qb2 Nh5 15.
Bxg7 Nxg7 16. Nc3 f6 17. Be2 Qd8 18. Rad1 Qe7 19. h3 Rad8 20. Rd2 g5 21. Rfd1
Rd7 22. a3 a5 23. Rd3 h5 24. Nb5 Rfd8 25. Re3 Bf7 26. Nc3 Ne5 27. Qd2 b6 28.
Na4 Rb7 29. Nxe5 Qxe5 30. Rd3 Ne8 31. Nc3 Rbd7 32. g3 Nc7 33. f4 Qe7 34. Rf1
Bg6 35. fxg5 fxg5 36. Nd5 Nxd5 37. Rxd5 Qxe4 38. Bd3 1-0

[Event "BL 1112 SG Turm Trier - Hansa Dortmund"]
[Site "?"]
[Date "2011.12.10"]
[Round "6.1"]
[White "Steingrimsson, Hedinn"]
[Black "Lupulescu, Constantin"]
[Result "1/2-1/2"]
[WhiteElo "2562"]
[BlackElo "2655"]
[PlyCount "103"]
[EventDate "2011.??.??"]

1. d4 Nf6 2. c4 e6 3. Nc3 Bb4 4. Qc2 d5 5. a3 Bxc3+ 6. Qxc3 Ne4 7. Qc2 Nc6 8.
e3 e5 9. f3 Qh4+ 10. g3 Nxg3 11. Qf2 Nf5 12. cxd5 Na5 13. Rb1 Nb3 14. dxe5 Qh6
15. Bd3 Nxc1 16. Bxf5 Bxf5 17. Rxc1 O-O 18. Ne2 Rae8 19. e4 Rxe5 20. Rxc7 Bc8
21. Rg1 g6 22. Kd1 Rh5 23. Qc5 b6 24. Qc4 Bh3 25. Qc1 Qxc1+ 26. Kxc1 Rc8 27.
Rxc8+ Bxc8 28. Rg2 Kf8 29. Kd2 Ke7 30. Ke3 Kd6 31. b4 Bd7 32. Nd4 a6 33. a4 f5
34. a5 bxa5 35. bxa5 Rh3 36. Kf4 fxe4 37. fxe4 Ra3 38. Rd2 Ra4 39. h4 h6 40.
Nf3 Rxa5 41. Rg2 Be8 42. Ne5 Ra1 43. Nxg6 Rf1+ 44. Ke3 Re1+ 45. Kf3 Rf1+ 46.
Ke3 Re1+ 47. Kd4 Rd1+ 48. Kc3 Re1 49. Kd4 Rd1+ 50. Kc3 Re1 51. Kd3 Bb5+ 52. Kd4
1/2-1/2

[Event "BL 1112 SG Turm Trier - Hansa Dortmund"]
[Site "?"]
[Date "2011.12.10"]
[Round "6.3"]
[White "Kohlweyer, Bernd"]
[Black "Bobras, Piotr"]
[Result "1/2-1/2"]
[WhiteElo "2458"]
[BlackElo "2544"]
[PlyCount "62"]
[EventDate "2011.??.??"]

1. d4 Nf6 2. c4 g6 3. Nc3 d5 4. Bf4 Bg7 5. e3 O-O 6. Rc1 Be6 7. Qb3 c5 8. Qxb7
Qb6 9. Qxb6 axb6 10. Nf3 dxc4 11. dxc5 bxc5 12. Ng5 Bd5 13. Rd1 e6 14. Bd6 Re8
15. Bxc5 Nbd7 16. Bb4 h6 17. Nf3 Reb8 18. a3 Bf8 19. Nxd5 exd5 20. Bc3 Ne4 21.
Bxc4 Nxc3 22. bxc3 dxc4 23. Rxd7 Rxa3 24. Ke2 Bg7 25. Rc1 Rxc3 26. Rxc3 Bxc3
27. Rc7 Rb2+ 28. Kf1 Rb1+ 29. Ke2 Rb2+ 30. Kf1 Rb1+ 31. Ke2 Rb2+ 1/2-1/2

[Event "BL 1112 SG Turm Trier - Hansa Dortmund"]
[Site "?"]
[Date "2011.12.10"]
[Round "6.4"]
[White "Cyborowski, Lukasz"]
[Black "Wegener, Olaf"]
[Result "1-0"]
[WhiteElo "2543"]
[BlackElo "2423"]
[PlyCount "51"]
[EventDate "2011.??.??"]

1. c4 Nf6 2. Nc3 e6 3. Nf3 Bb4 4. Qc2 c5 5. a3 Ba5 6. e3 O-O 7. d4 b6 8. Be2 d5
9. dxc5 bxc5 10. O-O Qe7 11. Bd2 Bc7 12. Nb5 Bb6 13. b4 a6 14. Nc3 cxb4 15. Na4
Ba5 16. axb4 Bc7 17. Rfc1 Ra7 18. b5 Nbd7 19. Nd4 Ne4 20. Be1 Bb7 21. c5 axb5
22. Nxb5 Rxa4 23. Rxa4 Ndxc5 24. Nxc7 Rc8 25. f3 Nxa4 26. Nxd5 1-0

[Event "BL 1112 SG Turm Trier - Hansa Dortmund"]
[Site "?"]
[Date "2011.12.10"]
[Round "6.5"]
[White "Heinzel, Olaf"]
[Black "Gordon, Stephen"]
[Result "1/2-1/2"]
[WhiteElo "2325"]
[BlackElo "2535"]
[PlyCount "131"]
[EventDate "2011.??.??"]

1. d4 Nf6 2. Nf3 d5 3. Bf4 c6 4. Nbd2 Qb6 5. Nb3 Bg4 6. h3 Bxf3 7. gxf3 Nbd7 8.
Qd3 e6 9. e4 a6 10. e5 Ng8 11. Bd2 c5 12. c4 cxd4 13. cxd5 Nxe5 14. Qe2 Bd6 15.
f4 d3 16. Qe3 Qxe3+ 17. Bxe3 Bb4+ 18. Kd1 Nc4 19. Bd4 Nf6 20. a3 Bd6 21. dxe6
Bxf4 22. Bxd3 Ne5 23. exf7+ Kxf7 24. Bxe5 Bxe5 25. Kc2 Rac8+ 26. Kb1 Rhd8 27.
Bf5 Rc4 28. Re1 Rd5 29. Re2 a5 30. Nd2 Rf4 31. Bc2 Rb5 32. Ra2 Bd4 33. Nc4 Rh5
34. Nd6+ Kf8 35. Nxb7 Rxh3 36. Bd1 Rh1 37. Kc2 Bxf2 38. Nxa5 Bb6 39. b4 Rff1
40. Rd2 Ne4 41. Re2 Nf2 42. Nc4 Bd4 43. Nd6 g6 44. Re8+ Kg7 45. Be2 Rb1 46. Ne4
Rhc1+ 47. Kd2 Nd1 48. Bd3 Ra1 49. Rxa1 Rxa1 50. a4 Rxa4 51. Kxd1 Rxb4 52. Re7+
Kh6 53. Rd7 Ra4 54. Ke2 Bg1 55. Nd6 Ra7 56. Nb7 Ra4 57. Re7 Rh4 58. Nd6 Bc5 59.
Nf7+ Kg7 60. Rc7 Kf6 61. Nd8 Rh2+ 62. Kf3 Rf2+ 63. Ke4 Rf4+ 64. Kxf4 Bd6+ 65.
Kf3 Bxc7 66. Nc6 1/2-1/2

[Event "BL 1112 SG Turm Trier - Hansa Dortmund"]
[Site "?"]
[Date "2011.12.10"]
[Round "6.6"]
[White "Jaracz, Pawel"]
[Black "Kotter, Ralf"]
[Result "1/2-1/2"]
[WhiteElo "2558"]
[BlackElo "2317"]
[PlyCount "67"]
[EventDate "2011.??.??"]

1. Nf3 c5 2. e4 e6 3. d4 cxd4 4. Nxd4 a6 5. Bd3 Bc5 6. Nb3 Be7 7. Qg4 g6 8. Qe2
d6 9. O-O Qc7 10. a4 b6 11. Na3 Nd7 12. Nc4 Bb7 13. a5 b5 14. Nb6 Nxb6 15. axb6
Qxb6 16. Na5 Nf6 17. Be3 Qc7 18. Nxb7 Qxb7 19. Rxa6 Rxa6 20. Bxb5+ Rc6 21. Qc4
O-O 22. Qxc6 Qxc6 23. Bxc6 Rc8 24. Ba4 Nxe4 25. c3 Rb8 26. Bc2 Nf6 27. Rb1 Nd5
28. Bd2 Bf6 29. Kf1 Nb6 30. Ke2 Nc4 31. Bc1 d5 32. Bd3 Nb6 33. Kd1 Kf8 34. Ra1
1/2-1/2

[Event "BL 1112 SG Turm Trier - Hansa Dortmund"]
[Site "?"]
[Date "2011.12.10"]
[Round "6.7"]
[White "Zelbel, Patrick"]
[Black "Sanikidze, Tornike"]
[Result "0-1"]
[WhiteElo "2408"]
[BlackElo "2530"]
[PlyCount "46"]
[EventDate "2011.??.??"]

1. e4 c5 2. Nf3 d6 3. d4 cxd4 4. Nxd4 Nf6 5. Nc3 Nc6 6. Bg5 e6 7. Qd2 Be7 8.
O-O-O Nxd4 9. Qxd4 O-O 10. f4 Qa5 11. Bc4 Rd8 12. e5 dxe5 13. Qxe5 Qb4 14. Bb3
Bd7 15. Rd4 Qb6 16. f5 h6 17. Be3 Qc5 18. Rd5 Qc6 19. Rd4 Qxg2 20. Rg1 Qh3 21.
Rf4 Bd6 22. Qd4 e5 23. Bxf7+ Kh8 0-1

[Event "BL 1112 SG Turm Trier - Hansa Dortmund"]
[Site "?"]
[Date "2011.12.10"]
[Round "6.8"]
[White "Cioara, Andrei Nestor"]
[Black "Bluebaum, Matthias"]
[Result "1-0"]
[WhiteElo "2436"]
[BlackElo "2388"]
[PlyCount "79"]
[EventDate "2011.??.??"]

1. d4 d5 2. c4 c6 3. Nf3 Nf6 4. Qb3 dxc4 5. Qxc4 Bf5 6. g3 e6 7. Bg2 Be7 8. O-O
Nbd7 9. Nc3 O-O 10. Re1 Ne4 11. e3 Nxc3 12. bxc3 Be4 13. Qe2 c5 14. Bf1 b6 15.
Nd2 Bb7 16. e4 cxd4 17. cxd4 Rc8 18. Nb3 Nf6 19. f3 a5 20. Be3 Bb4 21. Red1 a4
22. Nc1 Ba5 23. Qf2 Qe7 24. Nd3 Rc3 25. Bd2 Qd8 26. Bxc3 Bxc3 27. Nb2 a3 28.
Nc4 Bxa1 29. Rxa1 Qc7 30. Rb1 Ba6 31. Nxa3 Bxf1 32. Qxf1 Qc3 33. Nb5 Qc2 34. a3
Rc8 35. Qd1 Qa2 36. Rc1 Rxc1 37. Qxc1 h5 38. Nd6 h4 39. Qc8+ Kh7 40. Nxf7 1-0

[Event "BL 1112 Werder Bremen - SC Eppingen"]
[Site "?"]
[Date "2011.12.10"]
[Round "6.3"]
[White "Balogh, Csaba"]
[Black "Areshchenko, Alexander"]
[Result "0-1"]
[WhiteElo "2662"]
[BlackElo "2672"]
[PlyCount "120"]
[EventDate "2011.??.??"]

1. e4 c5 2. Nf3 d6 3. d4 cxd4 4. Nxd4 Nf6 5. Nc3 a6 6. Be3 e5 7. Nf3 Be7 8. Bc4
O-O 9. O-O Qc7 10. Bb3 Be6 11. Nh4 g6 12. Bg5 Nbd7 13. Qf3 Rfe8 14. g3 b5 15.
a3 Qb7 16. Ng2 Bxb3 17. cxb3 b4 18. axb4 Qxb4 19. Qd1 Rab8 20. Ra3 Qb7 21. Bxf6
Nxf6 22. Ne3 d5 23. Nexd5 Nxd5 24. Nxd5 Bxa3 25. Nf6+ Kf8 26. Nxe8 Bxb2 27. Nf6
Kg7 28. Qd6 Qb6 29. Ne8+ Kg8 30. Nf6+ Kh8 31. Qd2 Qxf6 32. Qxb2 Qe6 33. b4 Qd6
34. f4 a5 35. fxe5 Qb6+ 36. Kg2 Qxb4 37. Qc2 Qb2 38. Qxb2 Rxb2+ 39. Kf3 a4 40.
Rc1 Rb8 41. Kf4 a3 42. e6 fxe6 43. Ke5 a2 44. Ra1 Ra8 45. Kxe6 Kg7 46. e5 Ra7
47. g4 g5 48. Kf5 h6 49. Ke6 Kg6 50. Kd6 Kf7 51. e6+ Kf8 52. Ke5 Ke7 53. Kf5
Ra8 54. h3 Ra6 55. Kg6 Rxe6+ 56. Kh7 Ra6 57. Kg7 Ke8 58. Re1+ Kd7 59. Ra1 Ke7
60. Re1+ Kd6 0-1

[Event "BL 1112 Werder Bremen - SC Eppingen"]
[Site "?"]
[Date "2011.12.10"]
[Round "6.4"]
[White "Roiz, Michael"]
[Black "Gyimesi, Zoltan"]
[Result "1/2-1/2"]
[WhiteElo "2668"]
[BlackElo "2646"]
[PlyCount "80"]
[EventDate "2011.??.??"]

1. d4 Nf6 2. c4 e6 3. Nf3 d5 4. g3 Bb4+ 5. Bd2 Be7 6. Bg2 O-O 7. O-O c6 8. Qc2
b6 9. Rd1 Nbd7 10. b3 Ba6 11. a4 Rc8 12. a5 c5 13. axb6 Qxb6 14. Qa2 Bb7 15.
Ba5 Qa6 16. dxc5 Nxc5 17. Nbd2 dxc4 18. bxc4 Nce4 19. Ne5 Nxd2 20. Bxd2 Qxa2
21. Rxa2 Bxg2 22. Kxg2 Bd6 23. Bf4 Bb8 24. Rd4 Rfe8 25. g4 h6 26. Bg3 Re7 27.
Rad2 a5 28. f3 Ba7 29. Rd8+ Rxd8 30. Rxd8+ Re8 31. Rd6 Bb8 32. Ra6 Bxe5 33.
Bxe5 Rc8 34. Rxa5 Rxc4 35. Ra8+ Kh7 36. Ra7 Kg8 37. Ra8+ Kh7 38. Ra7 Kg8 39. h4
Rc5 40. Bxf6 gxf6 1/2-1/2

[Event "BL 1112 Werder Bremen - SC Eppingen"]
[Site "?"]
[Date "2011.12.10"]
[Round "6.5"]
[White "Postny, Evgeny"]
[Black "Nyback, Tomi"]
[Result "1/2-1/2"]
[WhiteElo "2622"]
[BlackElo "2627"]
[PlyCount "64"]
[EventDate "2011.??.??"]

1. d4 d5 2. c4 c6 3. Nf3 Nf6 4. Nc3 e6 5. g3 dxc4 6. Bg2 b5 7. Ne5 a6 8. a4 Bb7
9. O-O Qc8 10. e4 Nbd7 11. Nxd7 Qxd7 12. e5 Nd5 13. Ne4 Qc7 14. Re1 c5 15. dxc5
Bxc5 16. axb5 axb5 17. Nd6+ Bxd6 18. Rxa8+ Bxa8 19. Bxd5 Bxd5 20. Qxd5 Be7 21.
Qxb5+ Qd7 22. Qxc4 O-O 23. Be3 Rb8 24. Rc1 Bf8 25. Qd4 Qb5 26. Rc2 Qb3 27. Qc3
Qd5 28. Rd2 Qb5 29. Qd4 Rc8 30. Rd1 Rc2 31. Qd8 Rxb2 32. Qa8 Rb1 1/2-1/2

[Event "BL 1112 Werder Bremen - SC Eppingen"]
[Site "?"]
[Date "2011.12.10"]
[Round "6.7"]
[White "Braun, Arik"]
[Black "Rapport, Richard"]
[Result "1/2-1/2"]
[WhiteElo "2560"]
[BlackElo "2547"]
[PlyCount "160"]
[EventDate "2011.??.??"]

1. d4 d5 2. c4 c6 3. Nf3 Nf6 4. Nc3 dxc4 5. a4 Bf5 6. Ne5 e6 7. f3 c5 8. e4 Bg6
9. Be3 cxd4 10. Qxd4 Qxd4 11. Bxd4 Nfd7 12. Nxd7 Nxd7 13. Bxc4 Rc8 14. Be2 a6
15. Rc1 f6 16. Kf2 Bc5 17. Rhd1 Ke7 18. Ke3 Bf7 19. Bxc5+ Nxc5 20. Bc4 a5 21.
b3 Rhd8 22. Rxd8 Rxd8 23. h4 Rc8 24. Ne2 b6 25. Rc3 h6 26. g3 Nb7 27. Rc1 Nd6
28. Bd3 Rxc1 29. Nxc1 e5 30. Bc2 b5 31. Kd2 Kd7 32. Kc3 Bh5 33. g4 b4+ 34. Kd2
Bf7 35. h5 Nb7 36. Ke3 Nc5 37. Bd1 Kd6 38. Bc2 Ne6 39. Ne2 Kc5 40. Bd1 g6 41.
hxg6 Bxg6 42. Bc2 h5 43. gxh5 Bxh5 44. Bd1 Kc6 45. Nc1 Nd4 46. Ne2 Ne6 47. Nc1
Kd6 48. Ne2 Kc5 49. Ng3 Bg6 50. Ne2 Bf7 51. Bc2 Kd6 52. Bd1 Ke7 53. Bc2 Kf8 54.
Bd1 Kg7 55. Bc2 Kh6 56. Kf2 Kg5 57. Kg3 Nc5 58. Nc1 Be6 59. Bd1 Bg8 60. Bc2 Bf7
61. Bd1 Be6 62. Bc2 Bc8 63. Bd3 Be6 64. Bc2 Bf7 65. Bd1 Bg8 66. Bc2 Be6 67. Kf2
Kh4 68. Bd1 Bf7 69. Bc2 Bh5 70. Ne2 Bf7 71. Nc1 Bg8 72. Bd1 Be6 73. Bc2 Kh3 74.
Bd1 Kh2 75. Bc2 Bc8 76. Bd3 Be6 77. Bc2 Bh3 78. Bd3 Bc8 79. Bc4 Be6 80. Bd5 Bc8
1/2-1/2

[Event "BL 1112 Werder Bremen - SC Eppingen"]
[Site "?"]
[Date "2011.12.10"]
[Round "6.8"]
[White "Babula, Vlastimil"]
[Black "Ruck, Robert"]
[Result "1/2-1/2"]
[WhiteElo "2572"]
[BlackElo "2579"]
[PlyCount "73"]
[EventDate "2011.??.??"]

1. d4 Nf6 2. c4 g6 3. Nc3 d5 4. Qb3 dxc4 5. Qxc4 Bg7 6. e4 O-O 7. Be2 a6 8. Bf4
b5 9. Qxc7 Qxc7 10. Bxc7 b4 11. Na4 Nc6 12. e5 Nd7 13. Rd1 Ra7 14. Bb6 Nxb6 15.
Nxb6 Bf5 16. Bf3 Rb8 17. Nc4 Rc7 18. b3 Bh6 19. d5 Na7 20. d6 exd6 21. exd6 Rc5
22. Ne2 Bc2 23. Rd5 Rxd5 24. Bxd5 Nb5 25. d7 Rd8 26. Nb6 Bd3 27. Bc4 Bf5 28.
O-O Nc3 29. a4 Bxd7 30. Nxd7 Rxd7 31. Bxa6 Ne4 32. Bb5 Rd6 33. a5 Nd2 34. Re1
Rd5 35. Ba4 Rxa5 36. Nd4 Rd5 37. Nc2 1/2-1/2

[Event "BL 1112 Turm Emsdetten - SV Hockenheim"]
[Site "?"]
[Date "2011.12.10"]
[Round "6.1"]
[White "Buhmann, Rainer"]
[Black "Ipatov, Alexander"]
[Result "1/2-1/2"]
[WhiteElo "2606"]
[BlackElo "2591"]
[PlyCount "70"]
[EventDate "2011.??.??"]

1. Nf3 d5 2. d4 Nf6 3. c4 c6 4. e3 Bf5 5. Nc3 e6 6. Nh4 Bg6 7. Nxg6 hxg6 8. Bd3
Nbd7 9. O-O Be7 10. Bd2 a6 11. a4 dxc4 12. Bxc4 c5 13. Be2 Qc7 14. g3 Rd8 15.
Rc1 Nb8 16. Bf3 Nc6 17. Ne2 Qd7 18. Qb3 e5 19. Bg2 cxd4 20. exd4 O-O 21. Rfd1
exd4 22. Nf4 Ne5 23. Ba5 Rc8 24. Rxc8 Rxc8 25. Qxb7 Qxb7 26. Bxb7 Rb8 27. Bxa6
Rxb2 28. Bc7 Nfg4 29. Be2 g5 30. Bxg4 Nxg4 31. Nd3 Rb7 32. Rc1 Rb3 33. Rd1 Rb7
34. Rc1 Rb3 35. Rd1 Rb7 1/2-1/2

[Event "BL 1112 Turm Emsdetten - SV Hockenheim"]
[Site "?"]
[Date "2011.12.10"]
[Round "6.2"]
[White "Grandelius, Nils"]
[Black "Lenic, Luka"]
[Result "1/2-1/2"]
[WhiteElo "2536"]
[BlackElo "2641"]
[PlyCount "71"]
[EventDate "2011.??.??"]

1. d4 d5 2. c4 c6 3. Nf3 Nf6 4. Nc3 e6 5. Bg5 h6 6. Bh4 Be7 7. e3 Nbd7 8. Bd3
O-O 9. O-O dxc4 10. Bxc4 c5 11. Qe2 cxd4 12. Nxd4 Ne5 13. Bb3 Ng6 14. Bg3 Bb4
15. Ndb5 Bd7 16. Rfd1 Qe7 17. a3 Bxb5 18. Nxb5 Bc5 19. Bc2 Rfd8 20. h3 Nf8 21.
Rxd8 Rxd8 22. Rd1 a6 23. Nc3 Bd6 24. Bxd6 Rxd6 25. Ne4 Nxe4 26. Bxe4 Rxd1+ 27.
Qxd1 Qc7 28. Qb3 b6 29. Bd3 a5 30. Qc2 Qe5 31. Kf1 g5 32. Ke2 Nd7 33. Qc8+ Nf8
34. Qc2 Nd7 35. Qc8+ Nf8 36. Qc2 1/2-1/2

[Event "BL 1112 Turm Emsdetten - SV Hockenheim"]
[Site "?"]
[Date "2011.12.10"]
[Round "6.3"]
[White "Baramidze, David"]
[Black "Hector, Jonny"]
[Result "1-0"]
[WhiteElo "2591"]
[BlackElo "2575"]
[PlyCount "57"]
[EventDate "2011.??.??"]

1. d4 d5 2. c4 c6 3. Nf3 Nf6 4. Nc3 dxc4 5. a4 Bf5 6. Ne5 Nbd7 7. Nxc4 Qc7 8.
g3 e5 9. dxe5 Nxe5 10. Bf4 Nfd7 11. Bg2 f6 12. O-O Nc5 13. Bxe5 fxe5 14. Ne3
Be6 15. b4 Rd8 16. Qc2 Nb3 17. Rab1 Rd2 18. Ncd5 Bxd5 19. Nxd5 Rxc2 20. Nxc7+
Kd7 21. Rxb3 Kxc7 22. b5 Bc5 23. bxc6 bxc6 24. Rfb1 Rxe2 25. Rc3 Bd4 26. Rxc6+
Kd8 27. Rb8+ Kd7 28. Rb7+ Kd8 29. Bh3 1-0

[Event "BL 1112 Turm Emsdetten - SV Hockenheim"]
[Site "?"]
[Date "2011.12.10"]
[Round "6.5"]
[White "Neubauer, Martin"]
[Black "Janssen, Ruud"]
[Result "1/2-1/2"]
[WhiteElo "2431"]
[BlackElo "2498"]
[PlyCount "68"]
[EventDate "2011.??.??"]

1. Nf3 Nf6 2. c4 e6 3. g3 a6 4. Bg2 b5 5. b3 Bb7 6. Na3 b4 7. Nc2 c5 8. O-O d6
9. d4 Nbd7 10. Bb2 Be7 11. d5 exd5 12. Nh4 O-O 13. cxd5 Re8 14. Nf5 Bf8 15.
Nfe3 a5 16. Nc4 a4 17. Rb1 Ba6 18. Re1 axb3 19. axb3 Bxc4 20. bxc4 Nb6 21. Qd3
Nfd7 22. f4 Be7 23. e4 Bf6 24. Bc1 Na4 25. Kh1 Nc3 26. Rb3 Ra2 27. Ne3 g6 28.
Ng4 Bg7 29. Bd2 Qa5 30. e5 dxe5 31. fxe5 Nxe5 32. Bxc3 bxc3 33. Qxc3 Qxc3 34.
Rxc3 h5 1/2-1/2

[Event "BL 1112 Turm Emsdetten - SV Hockenheim"]
[Site "?"]
[Date "2011.12.10"]
[Round "6.6"]
[White "Pruijssers, Roeland"]
[Black "Ribli, Zoltan"]
[Result "0-1"]
[WhiteElo "2475"]
[BlackElo "2588"]
[PlyCount "102"]
[EventDate "2011.??.??"]

1. e4 c5 2. Nf3 d6 3. d4 cxd4 4. Nxd4 Nf6 5. Nc3 a6 6. Be3 Ng4 7. Bg5 h6 8. Bh4
g5 9. Bg3 Bg7 10. Be2 h5 11. Bxg4 hxg4 12. O-O Nc6 13. Nb3 Bxc3 14. bxc3 f6 15.
f4 gxf3 16. Qxf3 Ne5 17. Bxe5 dxe5 18. Nc5 b6 19. Nd3 Be6 20. Qe3 Rc8 21. Rab1
b5 22. Nb4 Qc7 23. Nxa6 Qxc3 24. Qxc3 Rxc3 25. Rxb5 Kf7 26. Nb4 Rd8 27. Rxe5
Rd4 28. a3 g4 29. Rh5 Kg6 30. Nd5 Bxd5 31. Rxd5 Rxe4 32. Rd3 Rxc2 33. h3 Kg5
34. Rd8 Ra2 35. Rg8+ Kh4 36. Kh2 gxh3 37. Rh8+ Kg5 38. Rxh3 Rg4 39. Rg1 Kg6 40.
Kh1 e5 41. Kh2 f5 42. Rh8 f4 43. a4 Rg5 44. a5 Kg7 45. Rh4 Rxa5 46. g3 Ra2+ 47.
Kh3 Ra3 48. Rg4 Kh6 49. Rxg5 Kxg5 50. Kh2 f3 51. Kh3 Ra8 0-1

[Event "BL 1112 SF Katernberg - USV TU Dresden"]
[Site "?"]
[Date "2011.12.10"]
[Round "6.3"]
[White "Maiwald, Jens-Uwe"]
[Black "Bischoff, Klaus"]
[Result "1/2-1/2"]
[WhiteElo "2459"]
[BlackElo "2547"]
[PlyCount "39"]
[EventDate "2011.??.??"]

1. e4 e6 2. d3 d5 3. Qe2 Nf6 4. Nf3 Be7 5. g3 b6 6. e5 Nfd7 7. Bg2 Bb7 8. h4 a5
9. O-O h6 10. h5 Na6 11. Re1 c6 12. a3 Nc7 13. Bf4 b5 14. Nbd2 a4 15. Nf1 c5
16. c3 Nb8 17. N3d2 Nc6 18. Qg4 Bf8 19. Rac1 Qd7 20. Nh2 1/2-1/2

[Event "BL 1112 SF Katernberg - USV TU Dresden"]
[Site "?"]
[Date "2011.12.10"]
[Round "6.4"]
[White "Chuchelov, Vladimir"]
[Black "Loxine, Jakow"]
[Result "1/2-1/2"]
[WhiteElo "2538"]
[BlackElo "2399"]
[PlyCount "43"]
[EventDate "2011.??.??"]

1. Nf3 Nf6 2. c4 g6 3. Nc3 Bg7 4. e4 d6 5. d4 O-O 6. Be2 e5 7. O-O Nbd7 8. Qc2
exd4 9. Nxd4 Re8 10. Rd1 c6 11. Nb3 Qe7 12. f3 a5 13. Rb1 a4 14. Nd4 Nc5 15.
Bf1 Nh5 16. b4 axb3 17. axb3 f5 18. b4 fxe4 19. bxc5 dxc5 20. Nxc6 bxc6 21.
Nxe4 Bf5 22. Be3 1/2-1/2

[Event "BL 1112 SF Katernberg - USV TU Dresden"]
[Site "?"]
[Date "2011.12.10"]
[Round "6.5"]
[White "Wegener, Dirk"]
[Black "Firman, Nazar"]
[Result "0-1"]
[WhiteElo "2364"]
[BlackElo "2517"]
[PlyCount "86"]
[EventDate "2011.??.??"]

1. e4 c5 2. Nf3 e6 3. d4 cxd4 4. Nxd4 Nc6 5. Nb5 d6 6. Bf4 e5 7. Be3 Be7 8. Be2
Nf6 9. f3 O-O 10. c4 Nh5 11. O-O Be6 12. Qd2 Nf4 13. Rd1 a6 14. N5c3 Nxe2+ 15.
Qxe2 Bg5 16. Bf2 Nd4 17. Qd3 b5 18. cxb5 axb5 19. Nd5 f5 20. Bxd4 Bxd5 21. Bxe5
Bc4 22. Qxd6 fxe4 23. f4 Be7 24. Qxd8 Rfxd8 25. Nc3 Bc5+ 26. Kh1 Bd3 27. Re1
Bf2 28. Rxe4 Bxe4 29. Nxe4 Rxa2 30. Rb1 Bd4 31. Nc3 Bxc3 32. Bxc3 Rda8 33. Kg1
Ra1 34. Rxa1 Rxa1+ 35. Kf2 g6 36. g4 Kf7 37. Kf3 Ke6 38. Kg3 Rf1 39. h4 Kd5 40.
Be5 Ke4 41. Kg2 Rxf4 42. Bxf4 Kxf4 43. Kh3 h6 0-1

[Event "BL 1112 SF Katernberg - USV TU Dresden"]
[Site "?"]
[Date "2011.12.10"]
[Round "6.6"]
[White "Siebrecht, Sebastian"]
[Black "Hoffmann, Paul"]
[Result "1-0"]
[WhiteElo "2471"]
[BlackElo "2317"]
[PlyCount "69"]
[EventDate "2011.??.??"]

1. d4 Nf6 2. c4 e6 3. Nc3 Bb4 4. e3 O-O 5. Nge2 d5 6. a3 Be7 7. Nf4 c6 8. Bd3
Nbd7 9. cxd5 Nxd5 10. e4 Nxf4 11. Bxf4 e5 12. dxe5 Bc5 13. Bg3 Bd4 14. f4 Qa5
15. Qc2 b5 16. Rd1 Nc5 17. Bf2 Bxf2+ 18. Qxf2 b4 19. axb4 Qxb4 20. O-O Rb8 21.
Bb1 Ba6 22. Rfe1 Rfd8 23. Rd6 Bd3 24. Rxc6 Nxe4 25. Rxe4 Bxe4 26. Bxe4 Rd4 27.
Qc2 Rbd8 28. h3 g6 29. e6 f5 30. Bd5 R8xd5 31. Nxd5 Qe1+ 32. Kh2 Rxd5 33. Rc8+
Kg7 34. Qc7+ Kh6 35. Rh8 1-0

[Event "BL 1112 SF Katernberg - USV TU Dresden"]
[Site "?"]
[Date "2011.12.10"]
[Round "6.7"]
[White "Seifert, Volker"]
[Black "Zaragatski, Ilja"]
[Result "1-0"]
[WhiteElo "2319"]
[BlackElo "2474"]
[PlyCount "57"]
[EventDate "2011.??.??"]

1. d4 Nf6 2. c4 c5 3. d5 b5 4. cxb5 a6 5. b6 d6 6. Nc3 Qxb6 7. e4 g6 8. Nf3 Bg4
9. Qa4+ Bd7 10. Qb3 Qc7 11. Bf4 Bg7 12. e5 Nh5 13. Bg5 O-O 14. Be2 Re8 15. e6
fxe6 16. dxe6 Bc6 17. O-O Ra7 18. Qc2 Rb7 19. Rab1 Rf8 20. Nh4 Nf4 21. Bg4 Rb4
22. f3 Ba8 23. g3 Nd5 24. Nxd5 Bxd5 25. Nxg6 hxg6 26. Qxg6 Nc6 27. Bh6 Rxg4 28.
fxg4 Rxf1+ 29. Rxf1 1-0